[Event "USA-ch U16"]
[Site "Schaumburg"]
[Date "2022.07.09"]
[Round "5"]
[White "Chasin, Nico Werner"]
[Black "Tian, Eddy"]
[Result "1-0"]
[WhiteElo "2285"]
[BlackElo "2430"]
[PlyCount "76"]
[EventDate "2022.07.07"]
[EventType "tourn"]
[EventRounds "9"]
[EventCountry "USA"]
[EventCategory "5"]
[SourceTitle "CBM 209 Extra"]
[Source "ChessBase"]
[SourceDate "2022.09.30"]
[SourceVersion "1"]
[SourceVersionDate "2022.09.30"]
[SourceQuality "1"]

1. d4 d5 2. c4 e6 3. Nf3 Nf6 4. Nc3 Bb4 5. cxd5 exd5 6. Bg5 Qd6 7. Nd2 c6 8. e3 Bf5 9. Be2 0-0 10. a3 Ba5 11. 0-0 Nbd7 12. b4 Bd8 13. Bf4 Qe6 14. b5 Ba5 15. Rc1 Rac8 16. bxc6 Rxc6 17. Nb5 a6 18. Nb3 Bb6 19. Nc3 Rfc8 20. Qd2 Bd8 21. Na4 Ne4 22. Qb4 b5 23. Nac5 Ndxc5 24. dxc5 Qg6 25. Rfd1 Be7 26. Rxd5 Nc3 27. Rxc3 Be4 28. Rg5 Bxg5 29. Bxg5 Bd5 30. h4 h6 31. Bd3 f5 32. Nd4 Rf6 33. Nxf5 Rxf5 34. g4 Re8 35. Bxf5 Qf7 36. c6 Bc4 37. Bf4 Qd5 38. Rxc4 Qd8 1-0

[Event "USA-ch U16"]
[Site "Schaumburg"]
[Date "2022.07.07"]
[Round "1"]
[White "Tian, Eddy"]
[Black "Liang, Jason"]
[Result "1/2-1/2"]
[WhiteElo "2430"]
[BlackElo "2460"]
[PlyCount "97"]
[EventDate "2022.07.07"]
[EventType "tourn"]
[EventRounds "9"]
[EventCountry "USA"]
[EventCategory "5"]
[SourceTitle "CBM 209 Extra"]
[Source "ChessBase"]
[SourceDate "2022.09.30"]
[SourceVersion "1"]
[SourceVersionDate "2022.09.30"]
[SourceQuality "1"]

1. d4 d5 2. c4 e6 3. Nf3 a6 4. Bg5 Be7 5. Bxe7 Qxe7 6. Nbd2 Nf6 7. e3 0-0 8. Rc1 Nbd7 9. cxd5 e5 10. dxe5 Nxe5 11. Qb3 Rd8 12. Nxe5 Qxe5 13. Nf3 Qxd5 14. Qxd5 Nxd5 15. Bc4 c6 16. 0-0 Bf5 17. Rfd1 Nc7 18. Nd4 Bd7 19. Nb3 b6 20. Be2 c5 21. Bf3 Rab8 22. Nd4 Ne6 23. Nc6 Bxc6 24. Bxc6 Kf8 25. Kf1 Ke7 26. Ke2 Rd6 27. Be4 b5 28. b3 h6 29. h4 Rbd8 30. Rxd6 Rxd6 31. f4 c4 32. bxc4 Nc5 33. Bd5 b4 34. e4 a5 35. e5 Rd8 36. Ke3 Na4 37. Kd4 Nc3 38. Rc2 a4 39. Rf2 a3 40. g4 Nd1 41. Rf1 Nc3 42. Rf2 Nd1 43. Rg2 Nc3 44. g5 hxg5 45. fxg5 Rh8 46. Rh2 g6 47. Kd3 Rd8 48. Kd4 Rh8 49. Kd3 1/2-1/2

[Event "World op 50th"]
[Site "Philadelphia"]
[Date "2022.07.02"]
[Round "4"]
[White "Jacobson, Brandon"]
[Black "Tian, Eddy"]
[Result "1-0"]
[WhiteElo "2544"]
[BlackElo "2430"]
[PlyCount "65"]
[EventDate "2022.06.30"]
[EventType "swiss"]
[EventRounds "9"]
[EventCountry "USA"]
[SourceTitle "CBM 209 Extra"]
[Source "ChessBase"]
[SourceDate "2022.09.30"]
[SourceVersion "1"]
[SourceVersionDate "2022.09.30"]
[SourceQuality "1"]

1. d4 d5 2. c4 e6 3. Nc3 Bb4 4. a3 Bxc3+ 5. bxc3 Nf6 6. e3 0-0 7. cxd5 exd5 8. Bd3 b6 9. Ne2 Ba6 10. 0-0 Bxd3 11. Qxd3 c5 12. f3 Re8 13. Ng3 Nc6 14. Bb2 Rc8 15. Rae1 h5 16. e4 cxd4 17. cxd4 dxe4 18. fxe4 Ne5 19. Qd1 Ng6 20. e5 h4 21. Nf5 Nd5 22. Nd6 Ngf4 23. Bc1 Rxc1 24. Qxc1 Qg5 25. Rf2 Re7 26. Qc8+ Kh7 27. Qc2+ Kg8 28. Kh1 Rc7 29. Qe4 h3 30. g3 Ng2 31. Qxd5 Qe3 32. Rxf7 Kh7 33. Ref1 1-0

[Event "Philadelphia int op 15th"]
[Site "Philadelphia"]
[Date "2022.06.26"]
[Round "4"]
[White "Jacobson, Brandon"]
[Black "Tian, Eddy"]
[Result "1-0"]
[WhiteElo "2526"]
[BlackElo "2431"]
[PlyCount "53"]
[EventDate "2022.06.24"]
[EventType "swiss"]
[EventRounds "9"]
[EventCountry "USA"]
[SourceTitle "CBM 209 Extra"]
[Source "ChessBase"]
[SourceDate "2022.09.30"]
[SourceVersion "1"]
[SourceVersionDate "2022.09.30"]
[SourceQuality "1"]

1. d4 d5 2. c4 e6 3. Nc3 Bb4 4. a3 Bxc3+ 5. bxc3 Ne7 6. e3 0-0 7. Bd3 b6 8. Ne2 Bb7 9. cxd5 exd5 10. 0-0 Nd7 11. f3 Nf6 12. Ng3 c5 13. Bb2 h5 14. Qd2 h4 15. Nh1 Nc8 16. Qe1 Re8 17. Qxh4 Rxe3 18. Nf2 c4 19. Bh7+ Kf8 20. Ng4 Re2 21. Bc1 Qd6 22. a4 Ke8 23. Ba3 Qf4 24. Rae1 Re6 25. g3 Qd2 26. Nxf6+ gxf6 27. Bf5 1-0

[Event "New York GM-A"]
[Site "New York"]
[Date "2021.11.12"]
[Round "5"]
[White "Kaliksteyn, Alexander"]
[Black "Tian, Eddy"]
[Result "1-0"]
[WhiteElo "2391"]
[BlackElo "2413"]
[PlyCount "81"]
[EventDate "2021.11.10"]
[EventType "tourn"]
[EventRounds "9"]
[EventCountry "USA"]
[EventCategory "8"]
[SourceTitle "CBM 205 Extra"]
[Source "ChessBase"]
[SourceDate "2022.01.31"]
[SourceVersion "1"]
[SourceVersionDate "2022.01.31"]
[SourceQuality "1"]

1. d4 d5 2. Nf3 e6 3. Bf4 c5 4. c3 Nc6 5. e3 Nf6 6. Nbd2 Bd6 7. Bg3 0-0 8. Bd3 b6 9. e4 dxe4 10. Nxe4 Nxe4 11. Bxe4 Bb7 12. Qa4 Rc8 13. Rd1 Qe7 14. dxc5 Bxg3 15. hxg3 f5 16. Bc2 bxc5 17. Qh4 h6 18. Qxe7 Nxe7 19. Rd7 Bxf3 20. gxf3 Nc6 21. Bb3 Kh8 22. Rd6 e5 23. Be6 Rc7 24. Ke2 Rf6 25. Rhd1 e4 26. f4 g5 27. Ke3 Ne7 28. fxg5 hxg5 29. g4 fxg4 30. Bxg4 Rf4 31. Rg1 Rxg4 32. Rd8+ Kg7 33. Rxg4 Rb7 34. b3 Kf6 35. Rxe4 Nf5+ 36. Ke2 Rb6 37. Rf8+ Kg6 38. Re5 Nh6 39. Rxc5 Re6+ 40. Kf3 Nf7 41. Rxf7 1-0

[Event "Redmond PNWCC Artist Point"]
[Site "Redmond"]
[Date "2021.09.03"]
[Round "2"]
[White "Narayanan, Samrug"]
[Black "Tian, Eddy"]
[Result "0-1"]
[WhiteElo "2296"]
[BlackElo "2373"]
[PlyCount "132"]
[EventDate "2021.09.02"]
[EventType "swiss"]
[EventRounds "9"]
[EventCountry "USA"]
[SourceTitle "CBM 204 Extra"]
[Source "ChessBase"]
[SourceDate "2021.11.30"]
[SourceVersion "1"]
[SourceVersionDate "2021.11.30"]
[SourceQuality "1"]

1. e4 c6 2. d4 d5 3. e5 Bf5 4. h4 h5 5. c4 e6 6. Nc3 Ne7 7. Nge2 Nd7 8. Ng3 Bg6 9. Bg5 Qb6 10. Rc1 f6 11. exf6 gxf6 12. Be3 Qxb2 13. Bd3 Bxd3 14. Qxd3 dxc4 15. Qxc4 Nd5 16. 0-0 N7b6 17. Qd3 0-0-0 18. Nxd5 Nxd5 19. Qe4 Nc7 20. Qg6 Be7 21. Nxh5 Qb5 22. Nf4 Rxh4 23. g3 Rhh8 24. Rb1 Qf5 25. Qxf5 exf5 26. Kg2 Bd6 27. Ne2 Nd5 28. Rh1 Kc7 29. Kf3 a5 30. Bd2 Bb4 31. Bxb4 Nxb4 32. Rxh8 Rxh8 33. Kf4 Nxa2 34. Kxf5 Nb4 35. Nc3 Rh2 36. Rf1 Nd5 37. Nxd5+ cxd5 38. Kxf6 a4 39. Ke6 b5 40. f4 a3 41. f5 a2 42. f6 b4 43. f7 Rh8 44. Kf6 b3 45. Kg7 Rd8 46. Ra1 b2 47. Rxa2 b1Q 48. Ra7+ Kb6 49. Re7 Qe4 50. Rxe4 dxe4 51. g4 e3 52. g5 e2 53. f8Q Rxf8 54. Kxf8 e1Q 55. g6 Qf2+ 56. Kg8 Qxd4 57. g7 Kc6 58. Kf7 Qf4+ 59. Ke7 Qg5+ 60. Kf7 Qf5+ 61. Ke7 Qg6 62. Kf8 Qf6+ 63. Kg8 Kd7 64. Kh7 Qf7 65. Kh8 Qh5+ 66. Kg8 Ke6 0-1

[Event "Charlotte CCCSA Summer IM-C"]
[Site "Charlotte"]
[Date "2021.07.31"]
[Round "7"]
[White "Diulger, Alexey"]
[Black "Tian, Eddy"]
[Result "1/2-1/2"]
[WhiteElo "2294"]
[BlackElo "2226"]
[PlyCount "27"]
[EventDate "2021.07.28"]
[EventType "tourn"]
[EventRounds "9"]
[EventCountry "USA"]
[SourceTitle "CBM 203 Extra"]
[Source "ChessBase"]
[SourceDate "2021.09.30"]
[SourceVersion "1"]
[SourceVersionDate "2021.09.30"]
[SourceQuality "1"]

1. d4 d5 2. c4 e6 3. cxd5 exd5 4. Nc3 Bb4 5. Nf3 Nf6 6. Bg5 Qd6 7. Bxf6 Qxf6 8. a3 Bxc3+ 9. bxc3 0-0 10. e3 b6 11. c4 Bb7 12. cxd5 Bxd5 13. Bd3 c5 14. 0-0 1/2-1/2

[Event "Charlotte CCCSA Summer IM-C"]
[Site "Charlotte"]
[Date "2021.07.29"]
[Round "3"]
[White "Tian, Eddy"]
[Black "Putnam, Liam H"]
[Result "1/2-1/2"]
[WhiteElo "2226"]
[BlackElo "2182"]
[PlyCount "97"]
[EventDate "2021.07.28"]
[EventType "tourn"]
[EventRounds "9"]
[EventCountry "USA"]
[SourceTitle "CBM 203 Extra"]
[Source "ChessBase"]
[SourceDate "2021.09.30"]
[SourceVersion "1"]
[SourceVersionDate "2021.09.30"]
[SourceQuality "1"]

1. d4 Nf6 2. c4 e6 3. Nf3 d5 4. g3 Bb4+ 5. Bd2 Be7 6. Bg2 0-0 7. 0-0 c6 8. Bf4 b6 9. Nc3 Nbd7 10. cxd5 cxd5 11. Nb5 Ne8 12. Rc1 Ba6 13. Qa4 Bxb5 14. Qxb5 Nd6 15. Qd3 Ne4 16. Nd2 Nxd2 17. Bxd2 Nf6 18. Rc2 Qd7 19. Rfc1 Rfc8 20. Bf4 Nh5 21. Bc7 Bd8 22. Bxd8 Qxd8 23. Rc3 Nf6 24. Qc2 Rxc3 25. Qxc3 Ne8 26. e3 Qd7 27. Bf1 Rd8 28. b3 Nd6 29. Ba6 g5 30. Qc7 Kf8 31. Rc2 Ke7 32. Qc3 Rb8 33. a4 h5 34. Qc7 Rd8 35. Kg2 Qxc7 36. Rxc7+ Rd7 37. Rc1 Kd8 38. h4 g4 39. f3 f5 40. fxg4 fxg4 41. Bd3 Ne4 42. Bxe4 dxe4 43. Rf1 Rc7 44. Rf4 Rc2+ 45. Kf1 Rc1+ 46. Ke2 Rc2+ 47. Kf1 Rc1+ 48. Ke2 Rc2+ 49. Kf1 1/2-1/2

[Event "Charlotte CCCSA Summer IM-C"]
[Site "Charlotte"]
[Date "2021.07.29"]
[Round "2"]
[White "Turgut, Aydin"]
[Black "Tian, Eddy"]
[Result "1-0"]
[WhiteElo "2275"]
[BlackElo "2226"]
[PlyCount "93"]
[EventDate "2021.07.28"]
[EventType "tourn"]
[EventRounds "9"]
[EventCountry "USA"]
[SourceTitle "CBM 203 Extra"]
[Source "ChessBase"]
[SourceDate "2021.09.30"]
[SourceVersion "1"]
[SourceVersionDate "2021.09.30"]
[SourceQuality "1"]

1. e4 c6 2. d4 d5 3. f3 Qb6 4. Nc3 dxe4 5. fxe4 e5 6. Nf3 exd4 7. Nxd4 Nf6 8. e5 Ng4 9. e6 Bxe6 10. Bc4 Bxc4 11. Qxg4 Na6 12. Bd2 Nc5 13. 0-0-0 Be6 14. Nxe6 Nxe6 15. Ne4 Be7 16. Bc3 0-0 17. Rd7 f5 18. Qe2 Rae8 19. Nd2 Bf6 20. Bxf6 Rxf6 21. Re1 Nc7 22. Qc4+ Kf8 23. Rxe8+ Nxe8 24. Nf3 Nd6 25. Qf4 Qc5 26. b4 Qc4 27. Qxc4 Nxc4 28. Rxb7 Re6 29. Rc7 g5 30. c3 Re3 31. Kc2 g4 32. Nd4 Na3+ 33. Kb3 Nb5 34. Nxb5 cxb5 35. Rc5 Re2 36. Rxf5+ Ke8 37. Rxb5 Kf7 38. Rb7+ Kg6 39. g3 Rxh2 40. Rxa7 Rh3 41. b5 Rxg3 42. b6 Rg1 43. b7 Rb1+ 44. Kc2 Rb5 45. a4 Rb6 46. a5 Rb5 47. Ra6+ 1-0

[Event "Charlotte CCCSA Summer IM-C"]
[Site "Charlotte"]
[Date "2021.07.28"]
[Round "1"]
[White "Tian, Eddy"]
[Black "Woodward, Andy"]
[Result "1/2-1/2"]
[WhiteElo "2226"]
[BlackElo "2196"]
[PlyCount "64"]
[EventDate "2021.07.28"]
[EventType "tourn"]
[EventRounds "9"]
[EventCountry "USA"]
[SourceTitle "CBM 203 Extra"]
[Source "ChessBase"]
[SourceDate "2021.09.30"]
[SourceVersion "1"]
[SourceVersionDate "2021.09.30"]
[SourceQuality "1"]

1. d4 d5 2. c4 c6 3. e3 Nf6 4. Nf3 Bf5 5. Nc3 e6 6. Nh4 Be4 7. f3 Bg6 8. Qb3 Qc7 9. Bd2 Be7 10. cxd5 cxd5 11. Nxg6 hxg6 12. 0-0-0 Nc6 13. Kb1 0-0 14. Rc1 Rfc8 15. g4 Na5 16. Qd1 Nc4 17. h4 Qb6 18. Bxc4 Rxc4 19. h5 g5 20. f4 Bb4 21. fxg5 Bxc3 22. Rxc3 Rxc3 23. gxf6 Rc7 24. h6 g6 25. h7+ Kh8 26. Qb3 Qxb3 27. axb3 g5 28. e4 dxe4 29. Bxg5 Rd7 30. Bh6 Kxh7 31. Bc1+ Kg8 32. Bh6 Kh7 1/2-1/2

[Event "World op 49th"]
[Site "Philadelphia"]
[Date "2021.07.02"]
[Round "2"]
[White "Finegold, Benjamin"]
[Black "Tian, Eddy"]
[Result "1/2-1/2"]
[WhiteElo "2466"]
[BlackElo "2226"]
[PlyCount "45"]
[EventDate "2021.07.01"]
[EventType "swiss"]
[EventRounds "9"]
[EventCountry "USA"]
[SourceTitle "EXT 2022"]
[Source "ChessBase"]
[SourceDate "2021.10.06"]
[SourceVersion "1"]
[SourceVersionDate "2021.10.06"]
[SourceQuality "1"]

1. d4 d5 2. c4 e6 3. Nc3 Bb4 4. Nf3 Nf6 5. cxd5 exd5 6. Bg5 Qd6 7. Bxf6 Qxf6 8. Qb3 c5 9. e3 0-0 10. a3 Bxc3+ 11. Qxc3 c4 12. b3 Be6 13. Be2 Nd7 14. 0-0 b5 15. a4 b4 16. Qxb4 Rfb8 17. Qa5 Rxb3 18. Nd2 Rb2 19. Rfb1 Rab8 20. Rxb2 Rxb2 21. Qc3 Rb8 22. Rb1 Qd8 23. h3 1/2-1/2

[Event "Charlotte CCCSA Memorial Day IM"]
[Site "Charlotte"]
[Date "2021.05.28"]
[Round "2"]
[White "Tian, Eddy"]
[Black "Andrianov, Nikolai Ivanovich"]
[Result "1-0"]
[WhiteElo "2204"]
[BlackElo "2365"]
[PlyCount "147"]
[EventDate "2021.05.27"]
[EventType "tourn"]
[EventRounds "9"]
[EventCountry "USA"]
[SourceTitle "CBM 203 Extra"]
[Source "ChessBase"]
[SourceDate "2021.09.30"]
[SourceVersion "1"]
[SourceVersionDate "2021.09.30"]
[SourceQuality "1"]

1. d4 Nf6 2. c4 e6 3. g3 d5 4. Nf3 Be7 5. Bg2 0-0 6. 0-0 dxc4 7. Qc2 a6 8. a4 Bd7 9. Ne5 Bc6 10. Nxc6 Nxc6 11. e3 Na5 12. Nd2 c5 13. Nxc4 cxd4 14. Nxa5 Qxa5 15. Bxb7 Rab8 16. Bf3 Rfc8 17. Qe2 Bc5 18. Bd2 Qb6 19. exd4 Bxd4 20. Bf4 Qxb2 21. Bxb8 Qxe2 22. Bxe2 Bxa1 23. Rxa1 Rxb8 24. Bxa6 Ra8 25. Bb5 Ra5 26. Kf1 Nd5 27. Rc1 Kf8 28. Rc6 Ke7 29. Ke2 Kd8 30. Rd6+ Kc8 31. Kd3 Nc7 32. Bd7+ Kb8 33. Kc4 Rf5 34. Rb6+ Ka7 35. Rb2 Na6 36. Bb5 Rc5+ 37. Kd4 Rd5+ 38. Kc4 Rc5+ 39. Kb3 Nc7 40. Kb4 Rc1 41. Bd3 Nd5+ 42. Ka3 f5 43. Rc2 Ra1+ 44. Kb3 Rb1+ 45. Rb2 Rc1 46. Bb5 Rc3+ 47. Ka2 e5 48. Rd2 Rc5 49. Kb3 Rc3+ 50. Kb2 Rc5 51. Bd7 g6 52. Be6 Nb6 53. Kb3 e4 54. Bg8 h6 55. Kb4 Re5 56. a5 Nc8 57. Rd7+ Kb8 58. a6 Ne7 59. Bc4 Nc6+ 60. Kc3 e3 61. fxe3 Rxe3+ 62. Kd2 Re7 63. Rd6 Ne5 64. Bb5 Nf3+ 65. Kc3 Nxh2 66. Bc6 g5 67. Kc4 Ka7 68. Kb5 Rc7 69. Rd8 Rxc6 70. Kxc6 Nf3 71. Kb5 f4 72. gxf4 gxf4 73. Rd7+ Ka8 74. Kb6 1-0

[Event "Charlotte CCCSA Memorial Day IM"]
[Site "Charlotte"]
[Date "2021.05.27"]
[Round "1"]
[White "Martin Del Campo C, Roberto Abel"]
[Black "Tian, Eddy"]
[Result "1-0"]
[WhiteElo "2290"]
[BlackElo "2204"]
[PlyCount "61"]
[EventDate "2021.05.27"]
[EventType "tourn"]
[EventRounds "9"]
[EventCountry "USA"]
[SourceTitle "CBM 203 Extra"]
[Source "ChessBase"]
[SourceDate "2021.09.30"]
[SourceVersion "1"]
[SourceVersionDate "2021.09.30"]
[SourceQuality "1"]

1. Nf3 Nf6 2. g3 g6 3. Bg2 Bg7 4. 0-0 0-0 5. d3 c5 6. e4 Nc6 7. Nc3 a6 8. Be3 d6 9. h3 Qc7 10. Qd2 b5 11. Bh6 Bb7 12. Rae1 Nd4 13. Bxg7 Nxf3+ 14. Bxf3 Kxg7 15. Bg2 Qa5 16. e5 Nd5 17. Bxd5 Bxd5 18. Qg5 Be6 19. Qxe7 Bxh3 20. Qf6+ Kg8 21. Nd5 Rfe8 22. Qh4 Rxe5 23. Rxe5 dxe5 24. Qxh3 Qxa2 25. c4 Qxb2 26. Qh6 e4 27. dxe4 Re8 28. Re1 Qd4 29. e5 f5 30. Nf6+ Kf7 31. Qxh7+ 1-0